000 00346nam a2200145Ia 4500
003 LK-CoDNM
008 010623t1927 xxu||||| |||| 00| 1 eng d
040 _aLK-CoDNM
_dLK-CoDNM
_eLK-CoDNM
041 _aeng
080 _a6 B.43
245 _aThe Burghers of Ceylon
260 _bFrewin Co.
_aColombo
_c1927
300 _b13p., 20 cm
942 _cBK
999 _c93893
_d93893